Normal view MARC view
  • CONTROL SYSTEM, MATHEMATICAL OPTIMIZATION.COMPUTER CONTROL AND AUTOMATION.RULE BASED CONTROL.ELEMENTS OF DECISION MAKINGLEARNING AND CONTROL.ADAPTIVE CONTROL.EVOLUTION.FORAGING

Entry Topical Term

Number of records used in: 1

001 - CONTROL NUMBER

  • control field: 56724

003 - CONTROL NUMBER IDENTIFIER

  • control field: NUST

005 - DATE AND TIME OF LATEST TRANSACTION

  • control field: 20210628201748.0

008 - FIXED-LENGTH DATA ELEMENTS

  • fixed length control field: 210628|| aca||aabn | a|a d

040 ## - CATALOGING SOURCE

  • Original cataloging agency: NUST
  • Transcribing agency: NUST

150 ## - HEADING--TOPICAL TERM

  • Topical term or geographic name entry element: CONTROL SYSTEM, MATHEMATICAL OPTIMIZATION.COMPUTER CONTROL AND AUTOMATION.RULE BASED CONTROL.ELEMENTS OF DECISION MAKINGLEARNING AND CONTROL.ADAPTIVE CONTROL.EVOLUTION.FORAGING

670 ## - SOURCE DATA FOUND

  • Source citation: Work cat.: (NUST): Passino, Kevin M 56723, Biomimicry for optimization control and automation, 2005
© 2023 Central Library, National University of Sciences and Technology. All Rights Reserved.